| 000 | 00814cam a22002171a 4500 | ||
|---|---|---|---|
| 999 |
_c4201 _d4201 |
||
| 020 | _a0471837857 | ||
| 020 | _a047106159X | ||
| 020 | _a0471888761 | ||
| 050 |
_aRC454 _b.D3 |
||
| 100 | 1 | _aDavison, Gerald C. | |
| 245 | 1 | 0 |
_aAbnormal psychology : _ban experimental clinical approach. |
| 250 | _aThird edition, 1982. | ||
| 250 | _aFourth edition, 1986. | ||
| 260 |
_aNew York : _b Wiley, _c ©1982. |
||
| 300 |
_axxiii, 823 pages : _billustrations ; _c26 cm |
||
| 500 | _aIncludes index | ||
| 505 | _aPart 1. Introduction and basic issues Part 2. Emotional disorders and reaction to stress Part 3. Social problems Part 4. The schizophrenias Part 5. Developmental disorders Part 6. Treatment References Glossary | ||
| 650 | 0 | _aPsychology, Pathological. | |
| 700 | 1 | _aNeale, J. M. | |
| 942 | _cBK | ||